Sự khác nhau giữa nhân vật Thuý Kiều trong Kim Vân Kiều truyện và Thuý Kiều trong truyện Kiều /

Guardado en:
Detalles Bibliográficos
Autor principal: Nguyễn Cảnh Chương.
Formato: Artículo
Lenguaje:Vietnamese
Etiquetas: Agregar Etiqueta
Sin Etiquetas, Sea el primero en etiquetar este registro!
Thư viện lưu trữ: Thư viện Trường Đại học Đà Lạt
LEADER 00785nam a2200229 4500
001 DLU120137246
005 ##20120713
040 # # |a DLU  |b vie 
041 # # |a vie 
044 # # |a vn 
100 # # |a Nguyễn Cảnh Chương. 
245 # # |a Sự khác nhau giữa nhân vật Thuý Kiều trong Kim Vân Kiều truyện và Thuý Kiều trong truyện Kiều /  |c Nguyễn Cảnh Chương. 
773 # # |t Kỷ yếu hội nghị khoa học sinh viên năm 2001 Trường Đại học Đà Lạt  |g 2001, tr. 56-61 
920 # # |a Phòng Tạp chí -- Trung tâm Thông tin - Thư viện Trường Đại học Đà Lạt 
994 # # |a DLU 
900 # # |a True 
911 # # |a Phan Thị Mỹ Thảo 
925 # # |a G 
926 # # |a A 
927 # # |a BB 
980 # # |a Thư viện Trường Đại học Đà Lạt